| 000 | 01098pam a2200289 a 4500 | ||
|---|---|---|---|
| 999 |
_c4065 _d4065 |
||
| 001 | 1122971 | ||
| 003 | GBCCL | ||
| 005 | 20241126110510.0 | ||
| 008 | 940112r19941983miu b 001 0 eng | ||
| 010 | _a 94002775 | ||
| 020 | _a0310413613 (pbk.) | ||
| 040 |
_aDLC _cDLC _dDLC |
||
| 050 | 0 | 0 |
_aBV4832.2 _b.S885 1994 |
| 082 | 0 | 0 |
_a242.2 _220 _bSWI |
| 100 | 1 |
_aSwindoll, Charles R. _91487 |
|
| 245 | 1 | 0 |
_aGrowing strong in the seasons of life / _cCharles R. Swindoll ; foreword by Billy Graham. |
| 260 |
_aGrand Rapids, Mich. : _bZondervan, _c[1994], c1983. |
||
| 300 |
_a617 p. ; _c18 cm. |
||
| 500 | _aOriginally published: Portland, Or. : Multnomah Press, c1983. | ||
| 504 | _aIncludes bibliographical references (p. 597-598) and indexes. | ||
| 650 | 0 |
_aDevotional exercises. _9446 |
|
| 650 | 0 |
_aDevotional calendars. _91878 |
|
| 650 | 0 |
_aSeasons _xReligious aspects _xChristianity. _97822 |
|
| 906 |
_a7 _bcbc _corignew _d1 _eocip _f19 _gy-gencatlg |
||
| 942 |
_2ddc _cBK |
||